Southville International School and Colleges
Your cart is empty.
  • Cart
  • Lists
    Public lists Eva Luna New books Lux_list list_1
    Your lists Log in to create your own lists
  • Log in to your account
  • Your cookies
  • Search history
Southville International School and Colleges
  • Advanced search
  • Recent comments
  • Most popular
  • Libraries

Log in to your account

Log in with GOOGLE


If you do not have an external account, but do have a local account, you can still log in:

  1. Home
  2. MARC view: Delmar's geriatric nursing care plans /
Normal view MARC view ISBD view

Delmar's geriatric nursing care plans / (Record no. 16212)

[ view plain ]
MARC details
000 -LEADER
fixed length control field 00522nam a22001937a 4500
003 - CONTROL NUMBER IDENTIFIER
control field FEu
005 - DATE AND TIME OF LATEST TRANSACTION
control field 20140310182813.0
008 - FIXED-LENGTH DATA ELEMENTS--GENERAL INFORMATION
fixed length control field 130223t xxu||||| |||| 00| 0 eng d
020 ## - INTERNATIONAL STANDARD BOOK NUMBER
International Standard Book Number 9-81265220-5
050 ## - LIBRARY OF CONGRESS CALL NUMBER
Classification number RC 954
Item number .C645 2005
100 ## - MAIN ENTRY--PERSONAL NAME
Personal name Comer, Sheree
245 ## - TITLE STATEMENT
Title Delmar's geriatric nursing care plans /
Statement of responsibility, etc Sheree Comer
250 ## - EDITION STATEMENT
Edition statement 3rd ed.
260 ## - PUBLICATION, DISTRIBUTION, ETC. (IMPRINT)
Place of publication, distribution, etc 5 Shenton Way #01-01 UIC Building Singapore :
Name of publisher, distributor, etc Wiley,
Date of publication, distribution, etc 2005.
300 ## - PHYSICAL DESCRIPTION
Extent 332 p. :
Dimensions 26 cm.
521 ## - TARGET AUDIENCE NOTE
Target audience note
942 ## - ADDED ENTRY ELEMENTS (KOHA)
Source of classification or shelving scheme Library of Congress Classification
Koha item type Books
Call number prefix Foreign
Holdings
Withdrawn status Lost status Source of classification or shelving scheme Damaged status Home library Current library Shelving location Date acquired Total Checkouts Full call number Barcode Date last seen Date checked out Copy number Price effective from Koha item type
    Library of Congress Classification   College Library College Library General Circulation Section 02/23/2013 1 RC 954 .C645 2005 C6460 05/15/2018 07/26/2016 1 02/23/2013 Books

Delmar's geriatric nursing care plans /

APA

Comer S., . (2005). Delmar's geriatric nursing care plans. 5 Shenton Way #01-01 UIC Building Singapore: Wiley.

Chicago

Comer Sheree, . 2005. Delmar's geriatric nursing care plans. 5 Shenton Way #01-01 UIC Building Singapore: Wiley.

Harvard

Comer S., . (2005). Delmar's geriatric nursing care plans. 5 Shenton Way #01-01 UIC Building Singapore: Wiley.

MLA

Comer Sheree, . Delmar's geriatric nursing care plans. 5 Shenton Way #01-01 UIC Building Singapore: Wiley. 2005.

  • Place hold
  • Print
  • Cite
  • Add to your cart (remove)
  • Save record
    BIBTEX Dublin Core MARCXML MARC (non-Unicode/MARC-8) MARC (Unicode/UTF-8) MARC (Unicode/UTF-8, Standard) MODS (XML) RIS
  • More searches
    Search for this title in:
    Other Libraries (WorldCat) Other Databases (Google Scholar) Online Stores (Bookfinder.com) Open Library (openlibrary.org)

Exporting to Dublin Core...

SOUTHVILLE LIBRARY

Southville International School and Colleges Library

1281 Tropical Ave. Cor. Luxembourg St., BF Homes International, Las Pinas City

Tel. No. 8256374 / 252358 Loc. 117/146

Powered by Koha